000 01093cab a2200373 4500
001 WB3128-12
008 090401t1995 xxu||||| |||| 00| 0 eng d
035 _a(Sirsi) u35384
041 _aeng
245 _aInvestment performance
260 _c1995
350 _a0
490 _aFinancial Times
_v14 July 1995, 12(1)
520 _aAlthough London is the most popular location for investors, property in provincial centres provides better returns.
650 _aBIRMINGHAM
650 _aBRISTOL
650 _aCITY OF LONDON
650 _aEDINBURGH
650 _aEQUIVALENT YIELDS
650 _aGLASGOW
650 _aINVESTMENT MARKET
650 _aLEEDS
650 _aMANCHESTER
650 _aPROPERTY-COMMERCIAL PROPERTY-OFFICE PROPERTY-OFFICE PROPERTY MARKET
650 _aPERFORMANCE
650 _aPROPERTY FUNDS
650 _aPROVINCES
650 _aREGIONAL CENTRES
650 _aTOTAL RETURNS
650 _aWEST END OF LONDON
690 _aPROPERTY-COMMERCIAL PROPERTY-COMMERCIAL PROPERTY FINANCE AND INVESTMENT
942 _n0
948 _c04/03/1997
999 _c23175
_d23175